<?xml version="1.0" encoding="UTF-8"?>
<record
    xmlns:xsi="http://www.w3.org/2001/XMLSchema-instance"
    xsi:schemaLocation="http://www.loc.gov/MARC21/slim http://www.loc.gov/standards/marcxml/schema/MARC21slim.xsd"
    xmlns="http://www.loc.gov/MARC21/slim">

  <leader>00809nam a2200217 a 4500</leader>
  <controlfield tag="001">1487</controlfield>
  <controlfield tag="003">BR-CuiBMT</controlfield>
  <controlfield tag="005">20231212164451.0</controlfield>
  <controlfield tag="008">231130s201u    mgba          000 0 por d</controlfield>
  <datafield tag="040" ind1=" " ind2=" ">
    <subfield code="a">BR-CuiBMT</subfield>
    <subfield code="c">BR-CuiBMT</subfield>
  </datafield>
  <datafield tag="080" ind1=" " ind2=" ">
    <subfield code="2">2007</subfield>
    <subfield code="a">347.963</subfield>
  </datafield>
  <datafield tag="090" ind1=" " ind2=" ">
    <subfield code="a">347.963</subfield>
    <subfield code="b">B482m</subfield>
  </datafield>
  <datafield tag="100" ind1="1" ind2=" ">
    <subfield code="a">Beraldo, Maria Carolina Silveira</subfield>
  </datafield>
  <datafield tag="245" ind1="1" ind2="2">
    <subfield code="a">O Minist&#xE9;rio P&#xFA;blico no novo c&#xF3;digo de processo civil (Lei n. 13.105/15) :</subfield>
    <subfield code="b">principais inova&#xE7;&#xF5;es e aspectos espec&#xED;ficos da atua&#xE7;&#xE3;o ministerial /</subfield>
    <subfield code="c">Maria Carolina Silveira Beraldo.</subfield>
  </datafield>
  <datafield tag="260" ind1=" " ind2=" ">
    <subfield code="a">[Belo Horizonte] :</subfield>
    <subfield code="b">MP-MG, </subfield>
    <subfield code="c">[201?].</subfield>
  </datafield>
  <datafield tag="300" ind1=" " ind2=" ">
    <subfield code="a">76 p. :</subfield>
    <subfield code="c">30 cm</subfield>
  </datafield>
  <datafield tag="610" ind1="1" ind2=" ">
    <subfield code="a">Minas Gerais.</subfield>
    <subfield code="b">Minist&#xE9;rio P&#xFA;blico.</subfield>
  </datafield>
  <datafield tag="650" ind1=" " ind2=" ">
    <subfield code="a">Processo civil</subfield>
    <subfield code="z">Brasil</subfield>
  </datafield>
  <datafield tag="650" ind1=" " ind2=" ">
    <subfield code="a">Processo civil</subfield>
    <subfield code="x">Minist&#xE9;rio P&#xFA;blico</subfield>
    <subfield code="x">Fun&#xE7;&#xE3;o jurisdicional</subfield>
    <subfield code="z">Brasil</subfield>
  </datafield>
  <datafield tag="942" ind1=" " ind2=" ">
    <subfield code="2">udc</subfield>
    <subfield code="c">LV</subfield>
  </datafield>
  <datafield tag="952" ind1=" " ind2=" ">
    <subfield code="0">0</subfield>
    <subfield code="1">0</subfield>
    <subfield code="2">udc</subfield>
    <subfield code="4">0</subfield>
    <subfield code="7">0</subfield>
    <subfield code="a">BIBTCEMT</subfield>
    <subfield code="b">BIBTCEMT</subfield>
    <subfield code="d">2023-12-12</subfield>
    <subfield code="l">0</subfield>
    <subfield code="o">347.963 B482m</subfield>
    <subfield code="p">BIBTCEMT23120391</subfield>
    <subfield code="r">2023-12-12</subfield>
    <subfield code="t">Ex. 1</subfield>
    <subfield code="w">2023-12-12</subfield>
    <subfield code="y">LV</subfield>
  </datafield>
  <datafield tag="999" ind1=" " ind2=" ">
    <subfield code="c">1487</subfield>
    <subfield code="d">1487</subfield>
  </datafield>
</record>
